000 01195nam a2200313Ia 4500
001 dia_2792
003 CHAP
005 20230310133151.0
008 220117s1991 xx 000 0 und d
010 _a173292
020 _a968-18-3662-6
040 _cCHAP
082 _a664.1 C44 1991
100 _aChen, James C. P.
_922128
245 _aManual del azúcar de caña : para fabricantes de azúcar de caña y químicos especializados /
_c James C. P. Chen ; traducción Carlos Alberto García Ferrer y Constantino Álvarez Medina
260 _aMéxico :
_b Limusa,
_c1991
300 _a1200 p.
500 _aTítulo original: Cane sugar handbook. A manual for cane sugar manufacturers and their chemists
503 _aI. 163064 \ I. 163065
590 _aTP379 C44 1991
650 _aAzúcar
_xManufactura y refinamiento
_xManuales
_9153510
650 _aSugar
_xManufacture and refining
_xHandbooks, manuals
_9153511
700 _aÁlvarez Medina, Constantino, tr.
_9153512
700 _aGarcía Ferrer, Carlos Alberto, tr.
_9153325
901 _a664.1 C44 1991
902 _aM
905 _a5232271991 mx aimn8222223322spa16
942 _cLIBRO
_2ddc
999 _c173292
_d173292